On chosing the optimal level of significance for the Durbin-Watson test and the bayesian alternative (Registro nro. 26290)

Detalles MARC
000 -LEADER
fixed length control field 00422 a2200121 4500
001 - CONTROL NUMBER
control field ART_12342
005 - DATE AND TIME OF LATEST TRANSACTION
control field 20260410161905.0
008 - FIXED-LENGTH DATA ELEMENTS--GENERAL INFORMATION
fixed length control field 260409a
100 1# - MAIN ENTRY--PERSONAL NAME
Personal name Guilkey, David K.
245 10 - TITLE STATEMENT
Title On chosing the optimal level of significance for the Durbin-Watson test and the bayesian alternative
700 1# - ADDED ENTRY--PERSONAL NAME
Personal name Fomby, Thomas B.
773 0# - HOST ITEM ENTRY
Title Journal of econometrics
Related parts - Vol. 8, Nº 2 (oct. 1978)
Record control number REV11720

No hay ítems disponibles.